[Event "BAN-ch U18 41st"]
[Site "Dhaka"]
[Date "2023.12.25"]
[Round "2"]
[White "Manon, Reja Neer"]
[Black "Miftahul, Islam"]
[Result "1-0"]
[WhiteElo "2243"]
[BlackElo "1393"]
[PlyCount "43"]
[EventDate "2023.12.25"]
[EventType "swiss"]
[EventRounds "9"]
[EventCountry "BAN"]
[SourceTitle "CB01_2024"]
[SourceDate "2024.01.03"]
[SourceVersion "1"]
[SourceVersionDate "2024.01.03"]
[SourceQuality "1"]

1. e4 c5 2. Nf3 d6 3. d4 cxd4 4. Nxd4 Nf6 5. f3 e5 6. Nb3 Be6 7. c4 Be7 8. Nc3 Nbd7 9. Be3 Rc8 10. Nd5 Bxd5 11. cxd5 0-0 12. Qd2 Nh5 13. Na5 Qc7 14. Rc1 Qxc1+ 15. Qxc1 Rxc1+ 16. Bxc1 Rc8 17. Kd1 b6 18. Nc6 Kf8 19. Nxa7 Ra8 20. Nb5 Ra5 21. a3 Rxa3 22. Nxa3 1-0